| 000 | 00371nam a2200145Ia 4500 | ||
|---|---|---|---|
| 008 | 150201s2007 xx 000 0 und d | ||
| 082 |
_a617.643 _bA2007L |
||
| 100 | _aLEE,JONG | ||
| 245 | _aAPPLICATIONS OF ORTHODONTICMINI IMPLANTS | ||
| 250 | _a1ST | ||
| 260 |
_bQUINTESSENCE PUBLICATION _aCHICAGO _c2007 |
||
| 300 | _a1-274 | ||
| 650 | _aORTHODONTICS | ||
| 942 |
_2ddc _cBK |
||
| 999 |
_c3886 _d3886 |
||